| 000 | 00978nam a2200289 a 4500 | ||
|---|---|---|---|
| 999 |
_c529483 _d529483 |
||
| 001 | 1916569 | ||
| 003 | NUST | ||
| 005 | 20190926142051.0 | ||
| 008 | 850821s1985 dcua b 000 0 eng | ||
| 010 | _a 85051729 | ||
| 020 | _a0309040078 (pbk.) | ||
| 038 | _aMSOHAIL | ||
| 040 |
_aDLC _cDLC _dDLC |
||
| 050 | 0 | 0 |
_aTG300 _b.S47 1985 |
| 082 | 0 | 0 |
_a624.25 _219 |
| 100 | 1 |
_aShanafelt, George O. _921638 |
|
| 245 | 1 | 0 |
_aBridge designs to reduce and facilitate maintenance and repair / _cGeorge O. Shanafelt. |
| 260 |
_aWashington, D.C. : _bTransportation Research Board, National Research Council, _c[1985] |
||
| 300 |
_a65 p. : _bill. ; _c28 cm. |
||
| 440 | 0 |
_aSynthesis of highway practice, _x0547-5570 ; _v123 _921639 |
|
| 500 | _a"December 1985." | ||
| 504 | _aIncludes bibliographies. | ||
| 650 | 0 |
_aBridges _xDesign and construction. _9801 |
|
| 650 | 0 |
_aBridges _xMaintenance and repair. _9802 |
|
| 906 |
_a7 _bcbc _corignew _d3 _eocip _f19 _gy-gencatlg |
||
| 942 |
_2ddc _cBK |
||